000 00872nam a22002777a 4500
001 BR2011004237
003 BR-BrBNA
005 20230928103645.0
007 ta
008 230509b bl.||||| |||| 00| 0 por d
040 _aBR-BrBNA
_bpor
_cBiblioteca Nacional de Agricultura
041 _a(Eng, Spa)
072 _aL73
090 _ L73 BR2011004237
110 1 _aUniversidade Federal de Santa Maria, RS (Brasil)
_99701
111 1 _a14. Congresso Internacional de Hidatidologia
_cPorto Alegre, RS (Brazil)
_d1989
245 1 _aArquivos internacionais de hidatidose; Archivos Internacionales de la Hidatidosis
260 3 _aPorto Alegre, RS (Brasil):
_c1989.
300 _a230 p.
650 _aPARASITO DE ANIMAL
650 _aDOENÇA ANIMAL
650 _aZOONOSE
650 _aTRANSMISSÃO DE DOENÇA
909 _a202309
_bLucia
_c55
_dLucia Elande
942 _cBK
999 _c76001
_d76001